[Event "Niederoesterreich Landesliga 1718"]
[Site "Austria"]
[Date "2018.03.18"]
[Round "10.4"]
[White "Polsterer, Heinz"]
[Black "Seidler, Dieter"]
[Result "1-0"]
[WhiteElo "1983"]
[BlackElo "1936"]
[PlyCount "45"]
[EventDate "2017.10.01"]
[EventType "team-tourn"]
[EventRounds "11"]
[EventCountry "AUT"]
[SourceTitle "EXT 2019"]
[Source "ChessBase"]
[SourceDate "2018.10.10"]
[SourceVersion "1"]
[SourceVersionDate "2018.10.10"]
[SourceQuality "1"]
[WhiteTeam "Krems Voest"]
[BlackTeam "Bisamberg/Korneuburg"]
[WhiteTeamCountry "AUT"]
[BlackTeamCountry "AUT"]

1. e4 e6 2. d3 d5 3. Nd2 c5 4. Ngf3 Nc6 5. g3 Nf6 6. Bg2 Be7 7. 0-0 0-0 8. Re1 b5 9. e5 Nd7 10. Nf1 Qb6 11. h4 Bb7 12. N1h2 Nd4 13. Ng5 h6 14. Nh3 f6 15. c3 Nf5 16. exf6 Bxf6 17. Qh5 Rae8 18. Nf4 Bd8 19. Ng4 d4 20. Bxb7 Qxb7 21. Rxe6 Rxe6 22. Nxe6 Qf3 23. Nf6+ 1-0